The Definitive Gilmore Girls Quiz #3 - Statistics

General Stats
  • This quiz has been taken 38 times
  • The average score is 9 of 15
Answer Stats
Hint Answer % Correct
What is Christopher driving when we first see him in Stars Hollow? A motorbike
94%
What is Luke's sister called? Liz
85%
Where do Lorelai and Christopher get married? Giverny
79%
Who comes to support Paris at her graduation? Her nanny
76%
Who beats Taylor out to become Town Selectman? Jackson Belleville
76%
What food always makes Rory and Lorelai fight? Spaghetti and meatballs
74%
What paper is Rory the editor for at university? The Yale Daily News
74%
What did Lorelai break doing yoga? Her leg
71%
What does Lorelai's new neighbour Dwight have an impressive collection of? Board games
68%
What is the name of Emily's dressmaker? Miss Celine
59%
What does Kirk suspend himself in above the town? A Transparent box
53%
What university does Dean go to? Southern Connecticut State
44%
What is Babette's kitten called? Apricot
29%
What does Max Medina cook for Lorelai when she visits his house? Ossobuco
29%
What is Doyle's job after graduating? Fact Checker
21%
No matching quizzes found
Score Distribution
Percent of People with Each Score
Percentile by Number Answered
Your Score History
You have not taken this quiz